00488nam a2200193 a 4500001001300000003000900013005001700022008004100039020001000080082001500090100002100105245003700126260004500163300000900208500003500217505001000252650001100262700002100273nice12345678IN_TiNIC20260116013935.0050524s1986 dela grp 000 0 eng  ac12500a291.4bLAL aLala, Chhaganlal aBhakti in Religions of the World aDelhibB.R.Publishing Corporation c1986 a268p aincludes index and biblioraphy2 aindex aBhakti1 aLala, Chhaganlal